Genetics of garden plants/ (Record no. 26575)

MARC details
000 -LEADER
fixed length control field 00720cam a2200229Ia 4500
001 - CONTROL NUMBER
control field u18584
003 - CONTROL NUMBER IDENTIFIER
control field SIRSI
008 - FIXED-LENGTH DATA ELEMENTS--GENERAL INFORMATION
fixed length control field 071114s2004 ii a 000 0 eng d
020 ## - INTERNATIONAL STANDARD BOOK NUMBER
International Standard Book Number 8176221155
040 ## - CATALOGING SOURCE
Original cataloging agency EAL
050 ## - LIBRARY OF CONGRESS CALL NUMBER
Classification number SB123
Item number C73 2004
100 ## - MAIN ENTRY--PERSONAL NAME
Personal name Crane,Morley Benjamin,
Dates associated with a name 1890-
245 10 - TITLE STATEMENT
Title Genetics of garden plants/
Statement of responsibility, etc. by Morley Benjamin Crane , William John Cooper Lawrence.
250 ## - EDITION STATEMENT
Edition statement 4th ed.
260 ## - PUBLICATION, DISTRIBUTION, ETC.
Place of publication, distribution, etc. New delhi:
Name of publisher, distributor, etc. Biotech books,
Date of publication, distribution, etc. 2004.
300 ## - PHYSICAL DESCRIPTION
Extent xiii, 301p.:
Other physical details ill.;
Dimensions 22 cm.
504 ## - BIBLIOGRAPHY, ETC. NOTE
Bibliography, etc. note Includes bibliographical references (p. 275-293) and index.
596 ## -
-- 1
650 #0 - SUBJECT ADDED ENTRY--TOPICAL TERM
Topical term or geographic name entry element Plant breeding.
700 10 - ADDED ENTRY--PERSONAL NAME
Personal name Lawrence,William John Cooper.
942 ## - ADDED ENTRY ELEMENTS (KOHA)
Koha item type Books
Source of classification or shelving scheme Library of Congress Classification
Holdings
Withdrawn status Lost status Source of classification or shelving scheme Damaged status Not for loan Home library Current library Date acquired Total Checkouts Full call number Barcode Date last seen Copy number Price effective from Koha item type
    Library of Congress Classification     Main Main 02/20/2018   SB123 C73 2004 0016227 02/20/2018 1 02/20/2018 Books

Home | About ENAL | Collections | Services | Activities | Calendar | Contact us

7 Nadi El Sayed St., Giza, Egypt | Phone:02-33351121 +02-33351313 | 
| Email: enalegypt@gmail.com